Cyclisme : Alexander Kristoff Victoires WT - Statistiques

Statistiques générales
  • Ce quiz a été pris 21 fois
  • Le résultat moyen est 9 sur 16
Statistiques - réponses
Années Équipe Indice Réponse % Correct
2014 Team Katusha Étape Tour de France
100%
2014 Team Katusha Étape Tour de France
100%
2018 UAE Team Emirates Étape Tour de France
100%
2020 UAE Team Emirates Étape Tour de France
100%
2014 Team Katusha Classique Milan San Remo
78%
2015 Team Katusha Classique Tour des Flandres
72%
2015 Team Katusha Étape Paris-Nice
67%
2013 Team Katusha Étape Tour de Suisse
61%
2015 Team Katusha Étape Tour de Suisse
61%
2019 UAE Team Emirates Classique Gent-Wevelgem
56%
2015 Team Katusha Classique GP Ouest France - Plouay
28%
2014 Team Katusha Classique Vattenfall Cyclassics
28%
2017 Team Katusha Alpecin Classique Eschborn-Frankfurt
17%
2018 UAE Team Emirates Classique Eschborn-Frankfurt
17%
2017 Team Katusha Alpecin Classique Prudential RideLondon-Surrey Classic
11%
2018 UAE Team Emirates Étape Abu Dhabi Tour
0%
Aucun quiz correspondant
Distribution des résultats
% des personnes avec chaque résultat
Percentile par nombre de réponses
Votre historique - résultats
Vous n’avez pas pris ce quiz